University Home | Library Home | Institutional Repository

International migration in and from Africa : (Record no. 117114)

MARC details
000 -LEADER
fixed length control field 00627cam a2200157 4500
008 - FIXED-LENGTH DATA ELEMENTS--GENERAL INFORMATION
fixed length control field 110418n 000 0 eng u
035 ## - SYSTEM CONTROL NUMBER
System control number (Sirsi) a173001
050 ## - LIBRARY OF CONGRESS CALL NUMBER
Classification number UN JV 8790 INT 1996
245 ## - TITLE STATEMENT
Title International migration in and from Africa :
Remainder of title dimensions, challenges, and prospects /
Statement of responsibility, etc. edited by Aderanti Adepoju and Tomas Hammar.
260 ## - PUBLICATION, DISTRIBUTION, ETC.
Place of publication, distribution, etc. Dakar, Senegal :
Name of publisher, distributor, etc. Population, Human resources and Development in Africa (PHRDA),
Date of publication, distribution, etc. 1996.
300 ## - PHYSICAL DESCRIPTION
Extent 198 p.
504 ## - BIBLIOGRAPHY, ETC. NOTE
Bibliography, etc. note Includes bibliographical references.
650 ## - SUBJECT ADDED ENTRY--TOPICAL TERM
Topical term or geographic name entry element Africa --Emigration and immigration.
700 ## - ADDED ENTRY--PERSONAL NAME
Personal name Adepoju, Aderanti.
700 ## - ADDED ENTRY--PERSONAL NAME
Personal name Hammar, Tomas

No items available.

© 2026 - The University of Zambia Library - Koha v25.11